|
|
|
|
| LEADER |
00000cam a22000004a 4500 |
| 001 |
musev2_2434 |
| 003 |
MdBmJHUP |
| 005 |
20230905040326.0 |
| 006 |
m o d |
| 007 |
cr||||||||nn|n |
| 008 |
110503s2011 kyu o 00 0 eng d |
| 010 |
|
|
|z 2011017089
|
| 020 |
|
|
|a 9780813134093
|
| 020 |
|
|
|z 9780813140124
|
| 020 |
|
|
|z 9780813144337
|
| 020 |
|
|
|z 9780813134086
|
| 035 |
|
|
|a (OCoLC)781438527
|
| 040 |
|
|
|a MdBmJHUP
|c MdBmJHUP
|
| 043 |
|
|
|a n-us-ky
|
| 050 |
0 |
4 |
|a F459.F8
|b B69 2011
|
| 082 |
0 |
|
|a 976.9/432
|2 23
|
| 100 |
1 |
|
|a Boyd, Douglas A.,
|d 1970-
|
| 245 |
1 |
0 |
|a Crawfish Bottom :
|b Recovering a Lost Kentucky Community /
|c Douglas A. Boyd ; foreword by W. Fitzhugh Brundage.
|
| 264 |
|
1 |
|a Lexington, Ky. :
|b University Press of Kentucky,
|c 2011.
|
| 264 |
|
3 |
|a Baltimore, Md. :
|b Project MUSE,
|c 2012
|
| 264 |
|
4 |
|c ©2011.
|
| 300 |
|
|
|a 1 online resource (240 pages).
|
| 336 |
|
|
|a text
|b txt
|2 rdacontent
|
| 337 |
|
|
|a computer
|b c
|2 rdamedia
|
| 338 |
|
|
|a online resource
|b cr
|2 rdacarrier
|
| 490 |
0 |
|
|a Kentucky remembered : an oral history series
|
| 504 |
|
|
|a Includes bibliographical references and index.
|
| 505 |
0 |
|
|a Introduction: Reputation as history -- The "lower" part of the city -- Crawfish Bottom -- Contesting public memory -- The other side of the tracks -- The king of Craw -- Conclusion: Remembering Craw.
|
| 588 |
|
|
|a Description based on print version record.
|
| 651 |
|
0 |
|a Frankfort (Ky.)
|v Biography.
|
| 651 |
|
0 |
|a Frankfort (Ky.)
|x Social life and customs.
|
| 651 |
|
0 |
|a Frankfort (Ky.)
|x History.
|
| 651 |
|
0 |
|a Crawfish Bottom (Frankfort, Ky.)
|v Biography.
|
| 651 |
|
0 |
|a Crawfish Bottom (Frankfort, Ky.)
|x Social life and customs.
|
| 651 |
|
0 |
|a Crawfish Bottom (Frankfort, Ky.)
|x History.
|
| 650 |
|
0 |
|a Oral history
|z Kentucky
|z Frankfort.
|
| 650 |
|
0 |
|a Community life
|z Kentucky
|z Frankfort
|x History.
|
| 655 |
|
7 |
|a Electronic books.
|2 local
|
| 710 |
2 |
|
|a Project Muse.
|e distributor
|
| 830 |
|
0 |
|a Book collections on Project MUSE.
|
| 856 |
4 |
0 |
|z Texto completo
|u https://projectmuse.uam.elogim.com/book/2434/
|
| 945 |
|
|
|a Project MUSE - Custom Collection
|
| 945 |
|
|
|a Project MUSE - 2011 US Regional Studies, South
|
| 945 |
|
|
|a Project MUSE - 2011 Complete
|